000 00284nam a22001337a 4500
008 181009b xxu||||| |||| 00| 0 eng d
020 _a9780395874400
041 _aeng
080 _27th
_a371
100 _a25
101 _aEDU
245 _aAssessment
_cSalvia,J
942 _2udc
_cBK
999 _c49139
_d49139